Sports Quiz

Random Sports or Football Quiz

NFL Super Bowl Receiving Touchdowns Quiz Stats

 Plays Quiz Updated Feb 7, 2021

Support Sporcle.
Go Orange.
Score 0/164 Timer 10:00
0 Plays Today
Super Bowl Receiver % Correct
LVRob Gronkowski
89.9%
LVRob Gronkowski
89.9%
XXIIIJerry Rice
88.3%
XXIVJerry Rice
88.3%
XXIVJerry Rice
88.3%
XXIVJerry Rice
88.3%
XXIXJerry Rice
88.3%
XXIXJerry Rice
88.3%
XXIXJerry Rice
88.3%
XXXVIIJerry Rice
88.3%
XXXVIIISteve Smith
81.8%
XXXIIIRod Smith
81.4%
LIIRob Gronkowski
81.4%
LIIRob Gronkowski
81.4%
XXXIXL.J. Smith
81.3%
XIVRon B. Smith
81.2%
LVAntonio Brown
80.1%
XLIXRob Gronkowski
77.7%
XLIIRandy Moss
74%
XLVIIJacoby Jones
70.9%
LIVTravis Kelce
70.7%
LIINick Foles
69.9%
XLIXJulian Edelman
67.6%
XLHines Ward
65.9%
XLIIILarry Fitzgerald
65.9%
XLIIILarry Fitzgerald
65.9%
XLVIIIDemaryius Thomas
65.3%
XLIReggie Wayne
65%
XXVIIMichael Irvin
62.5%
XXVIIMichael Irvin
62.5%
XXXIVTorry Holt
62.4%
LIJames White
62.1%
XLIIISantonio Holmes
61.6%
XXXIVIsaac Bruce
61.2%
XIIButch Johnson
60.5%
XIIIButch Johnson
60.5%
XXIVance Johnson
60.5%
XIXDan Johnson
60.5%
XXXVIIIDeion Branch
58.4%
XVCliff Branch
57.9%
XVCliff Branch
57.9%
XVIIICliff Branch
57.9%
LIVDamien Williams
57.9%
XVIICharlie Brown
57.7%
IXLarry Brown
57.7%
XLynn Swann
56%
XIIILynn Swann
56%
XIVLynn Swann
56%
XLIIPlaxico Burress
55.6%
XLIVPierre Thomas
52.9%
VDuane Thomas
52.8%
XLVIIAnquon Boldin
52.4%
XLIXDoug Baldwin
51.5%
XXIVBrent Jones
50.8%
XXIIGary Clark
50.2%
Super Bowl Receiver % Correct
XXVIGary Clark
50.2%
XLVIIIDoug Baldwin
49.1%
LIIZach Ertz
46.2%
LIDanny Amendola
45.7%
LIIAlshon Jeffery
45.4%
XLIXDanny Amendola
43.4%
XXXIAntonio Freeman
42.3%
XXXIIAntonio Freeman
42.3%
XXXIIAntonio Freeman
42.3%
XXIIIJohn Taylor
41.3%
XXIVJohn Taylor
41.3%
XLVIVictor Cruz
41.2%
IVOtis Taylor
41.1%
XLVHines Ward
39.7%
XLVIIMichael Crabtree
38.9%
XIIIJohn Stallworth
37.1%
XIIIJohn Stallworth
37.1%
XIVJohn Stallworth
37.1%
XLVIAaron Hernandez
35.9%
XLIVJeremy Shockey
32.8%
XXXVIIIMuhsin Muhammad
30.9%
XLIMuhsin Muhammad
30.9%
XLVGreg Jennings
28.9%
XISammy White
28.9%
XLIVPierre Garcon
28.3%
XIXRoger Craig
28.3%
XIXRoger Craig
28.3%
XXIIRicky Sanders
28.2%
XXIIRicky Sanders
28.2%
LIIChris Hogan
28%
XLVIIIJermaine Kearse
27.4%
LITevin Coleman
27.4%
XLVJordy Nelson
26%
LIAustin Hooper
25.3%
XXXIAndre Rison
23.4%
XXXIXBrian Westbrook
22.3%
XLIIDavid Tyree
21.7%
LIICorey Clement
21.6%
IIBill Miller
21.1%
IIBill Miller
21.1%
XXXIXGreg Lewis
20.8%
IMax McGee
20.7%
IMax McGee
20.7%
XLVIIDennis Pitta
20.5%
XXIMark Bavaro
19.7%
XLVMike Wallace
19.1%
XXVIIAlvin Harper
19%
XDrew Pearson
18.9%
XXIXRicky Watters
18.4%
XXIXRicky Watters
18.4%
XPercy Howard
17.4%
XXVIIJay Novacek
17.2%
XXXJay Novacek
17.2%
XIIITony Hill
16.9%
XLVGreg Jennings
16.6%
Super Bowl Receiver % Correct
XXXVIIIMike Vrabel
16.3%
XXXIXMike Vrabel
16.3%
XXVIDon Beebe
16.3%
XXVIIDon Beebe
16.3%
XLIXChris Matthews
16.2%
XLIXBrandon LaFell
16.1%
XXXIBen Coates
16%
XXXVIRicky Proehl
15.9%
XXXVIIIRicky Proehl
15.9%
XXXVIIIDavid Givens
14.6%
XXXIXDavid Givens
14.6%
XXXIIMark Chmura
14.1%
XXIrving Fryar
13.5%
XLVIDanny Woodhead
12.6%
XXXVBrandon Stokley
12.5%
XXIPhil McConkey
12.3%
LIVKyle Juszczyk
12.2%
XXIXTony Martin
12%
XXXVIIKeenan McCardell
11.4%
XXXVIIKeenan McCardell
11.4%
XXXVIDavid Patten
11.4%
XIDave Casper
10.5%
XXXVIIJerry Porter
10.1%
XLJerramy Stevens
9.6%
XXXIIITerance Mathis
9.5%
XXVStephen Baker
8.4%
XIIGolden Richards
8.3%
XIIIRocky Bleier
8.2%
VIMike Ditka
8%
XVKenny King
8%
VILance Alworth
7.7%
VJohn Mackey
7.6%
XXXYancey Thigpen
7.2%
IIBoyd Dowler
6.7%
XVIDan Ross
6.1%
XVIDan Ross
6.1%
XXIIRicky Nattiel
5.9%
XVIEarl Cooper
5.8%
XXIXWilliam Floyd
5.5%
XXVIEarnest Byner
5.2%
XXIIClint Didier
5%
XRandy Grossman
4.4%
XIIIBilly Joe DuPree
4.4%
XXVIPete Metzelaars
4.3%
XLIIIBen Patrick
4.2%
XVIIAlvin Garrett
3.9%
XXXIKeith Byars
3.8%
VIIHoward Twilley
3.6%
XVIIJimmy Cefalo
3.5%
XXIZeke Mowatt
3.1%
XIXCarl Monroe
2.4%
XIStu Voigt
2.4%
ICurtis McClinton
2.3%
XVKeith Krepfle
2%

From the Vault

Animated Dog Movies

by bowsntoys

Movies 5m
We tried drawing some dogs of our own, but they wouldn't stop chasing our stick figures.
Remove Ads.
Support Sporcle.
Get the best of Sporcle when you Go Orange. This ad-free experience offers more features, more stats, and more fun while also helping to support Sporcle. Thank you for becoming a member.

Show Comments

Extras

Top Quizzes Today


Score Distribution

Your Account Isn't Verified!

In order to create a playlist on Sporcle, you need to verify the email address you used during registration. Go to your Sporcle Settings to finish the process.

Report this User

Report this user for behavior that violates our Community Guidelines.

Details: